000 00583nam a2200205 a 4500
001 000024476
003 DO-SdBNP
005 20220325113808.0
007 ta
008 110128s1994 dr r 000 0 spa d
040 _aDO-SdBNP
_bspa
_cBNPHU
082 4 _bA561h
_222
100 1 _aAndrés, Mateo
_97205
245 1 3 _aEl hombre en busca de Dios /
_cMateo Andrés.
260 _aSanto Domingo :
_bSociedad de Educación Atenas (MSC),
_c1994.
300 _a268 p. ;
_c22 cm.
590 _aInventariado, 2022/BT
710 2 _aSociedad de Educación Atenas
_950177
942 _2ddc
_cLBS1
999 _c23969
_d23969